| 000 | 00673nam a22002052 4500 | ||
|---|---|---|---|
| 001 | 0000009215 | ||
| 005 | 20151021151121.0 | ||
| 008 | 080912s xx 000 0 eng d | ||
| 020 |
_a0310259732 : _cKES 1590 |
||
| 040 |
_aKABU _cKABU |
||
| 100 | 1 |
_aCarson, Ben. _@0000084142 |
|
| 245 | 1 | 0 |
_aTake the risk : _blearning to identify, choose, and live with acceptable risk / _cBen Carson, with Gregg Lewis. |
| 260 |
_aGrand Rapids, MI : _bZondervan, _c2008. |
||
| 300 | _a237 p. | ||
| 650 | 0 |
_aRisk-taking (Psychology) _@0000161235 |
|
| 700 | 1 |
_aLewis, Gregg. _@0000149568 |
|
| 908 | _a080912 | ||
| 950 | _@1 | ||
| 999 |
_c833 _d833 |
||